MANUAL ON DOCTORS AND LAW (Record no. 6625)

MARC details
000 -LEADER
fixed length control field 00323nam a2200145Ia 4500
008 - FIXED-LENGTH DATA ELEMENTS--GENERAL INFORMATION
fixed length control field 150301s2013 xx 000 0 und d
082 ## - DEWEY DECIMAL CLASSIFICATION NUMBER
Classification number 344.04
Item number M13G
100 ## - MAIN ENTRY--PERSONAL NAME
Personal name GOEL, RN.
245 ## - TITLE STATEMENT
Title MANUAL ON DOCTORS AND LAW
250 ## - EDITION STATEMENT
Edition statement 1ST
260 ## - PUBLICATION, DISTRIBUTION, ETC. (IMPRINT)
Name of publisher, distributor, etc. JAYPEE
Place of publication, distribution, etc. DELHI
Date of publication, distribution, etc. 2013
300 ## - PHYSICAL DESCRIPTION
Extent 323
650 ## - SUBJECT ADDED ENTRY--TOPICAL TERM
Topical term or geographic name as entry element LAW
942 ## - ADDED ENTRY ELEMENTS (KOHA)
Source of classification or shelving scheme Dewey Decimal Classification
Koha item type Books
Holdings
Withdrawn status Lost status Source of classification or shelving scheme Damaged status Not for loan Collection code Home library Current library Shelving location Date acquired Source of acquisition Cost, normal purchase price SGTU Bill Number Total Checkouts Full call number Barcode Date last seen Bill Date Koha item type
    Dewey Decimal Classification     MEDICAL SGT Medical Library SGT Medical Library Text Book 02/07/2015 ABC DELHI 495.00 SGTU 4960   344.04 M13G FM6691 02/07/2015 25/10/2014 Books
    Dewey Decimal Classification     MEDICAL SGT Medical Library SGT Medical Library Text Book 02/07/2015 ABC DELHI 495.00 SGTU 4960   344.04 M13G FM6692 02/07/2015 25/10/2014 Books
    Dewey Decimal Classification     MEDICAL SGT Medical Library SGT Medical Library Text Book 02/07/2015 ABC DELHI 495.00 SGTU 4960   344.04 M13G FM6693 02/07/2015 25/10/2014 Books
    Dewey Decimal Classification     MEDICAL SGT Medical Library SGT Medical Library Text Book 02/07/2015 ABC DELHI 495.00 SGTU 4960   344.04 M13G FM6694 02/07/2015 25/10/2014 Books
    Dewey Decimal Classification     MEDICAL SGT Medical Library SGT Medical Library Text Book 02/07/2015 ABC DELHI 495.00 SGTU 4960   344.04 M13G FM6695 02/07/2015 25/10/2014 Books